01232nam a2200337 i 4500001001000000003000900010005001700019007000300036008004100039020001800080040003000098082002300128100004200151245004200193264004700235300002700282336002700309337003400336338003000370490002600400500007000426590002700496650002400523650002600547710010100573830003200674910003700706942001400743952012000757999001700877000048786DO-SdBNP20231012135252.0ta190412s2016 dr 000 0 spa d a9788460879107 aDO-SdBNPbspacBNPHUerda 4aR861.44bR789r2221 aRosario, Gabino,d1955-976239eautor10aRumor del silencio /cGabino Rosario. aEspaña :bSolenodonte, Mínimas,c2016. a56 páginas ;c21 cm. 2rdacontentatextobtxt 2rdamedia asin mediaciónbn 2rdacarrieravolumen bnc0 aEdiciones de ACUDEBI; aIncluye datos biográficos del autor en la solapa de la cubierta aInventariado, 2019/ YL 4aPoesía dominicana 4aLiteratura dominicana2 a Asociación Cultural y de Cooperación al Desarrollo Biblioteca República Dominicana983521 0aEdiciones de ACUDEBI976232 aValidado. Control de calidad MFF 2ddccLBS1 00102ddc51708PDaBNPHUbBNPHUcHDd2019-04-12oBNPHU PD RD861.44 R789rp48786-10r2020-06-25w2020-06-25yLBS1 c48274d48274